00478nam a2200157Ia 4500020001800000082002000018100002000038245005000058260003900108300000900147650004200156650002900198650003600227650004000263700001700303 a9789383980598 a954.04092 DEE-P aDeenanath Singh 0aPandit Deendayal Upadhyaya ki chintan drashti aNew DelhibShivank Prakashanc2017 a159p aBiographyvDeendayal upadhyayazIndia aRajnaitik ItihaszBharat aArthneetivUpadhyaya, Deendayal aEkatmmanavbadvUpadhyaya, Deendayal aHarnam Singh